[Event "IECG C3.2001.0.00173"]
[Site "IECG email"]
[Date "2001.01.31"]
[Round "?"]
[White "Soule, Larry P"]
[Black "Carboni, Davide"]
[Result "1/2-1/2"]
[WhiteElo "1000"]
[BlackElo "1000"]
[PlyCount "99"]
[EventDate "2001.01.31"]
[EventType "tourn (corr)"]
[EventRounds "6"]
[SourceTitle "Corr 2008"]
[Source "ChessBase"]
[SourceDate "2008.06.24"]
[SourceVersion "1"]
[SourceVersionDate "2008.06.24"]
[SourceQuality "1"]

1. e4 e5 2. Nf3 Nc6 3. Nc3 Nf6 4. Bb5 Nd4 5. Be2 Nxf3+ 6. Bxf3 Bb4 7. Nd5 Nxd5 8. exd5 0-0 9. 0-0 c6 10. c3 Be7 11. Re1 Qc7 12. d4 d6 13. dxe5 dxe5 14. dxc6 bxc6 15. c4 Bf5 16. Qa4 Bd7 17. Qc2 f5 18. c5 e4 19. Be2 Bf6 20. Bc4+ Kh8 21. Rb1 Be5 22. g3 Be8 23. b4 Bh5 24. b5 Rab8 25. Bb2 Bxb2 26. Rxb2 Qe5 27. Be2 Bxe2 28. Qxe2 Qxc5 29. Rc2 Qxb5 30. Qxb5 cxb5 31. Rc7 a5 32. Ra7 Ra8 33. Re7 Rfe8 34. Rb7 Rab8 35. Ra7 a4 36. Rb1 Rec8 37. Kf1 h6 38. Rb2 Kh7 39. h4 Kg6 40. h5+ Kxh5 41. Rxg7 Rc1+ 42. Kg2 b4 43. Rd2 Rb5 44. Rd6 Rbc5 45. Rgg6 f4 46. Kh3 fxg3 47. Rxh6+ Kg5 48. Rhg6+ Kf4 49. Rgf6+ Ke5 50. Rfe6+ 1/2-1/2